| 000 | 00329nam a22001337a 4500 | ||
|---|---|---|---|
| 999 |
_c528029 _d528029 |
||
| 003 | NUST | ||
| 038 | _aM.Ramzan | ||
| 082 |
_a624.15 _bHDA |
||
| 100 |
_aDepartment of Airway _919539 |
||
| 245 | _aCableways, Tramways and suspension / | ||
| 260 |
_aU.S.A _bDepartment of Airway _c1964 |
||
| 300 |
_a224 p, ; _c25cm |
||
| 942 |
_2ddc _cBK |
||